[Event "Malaya Zemlya Rapid op"]
[Site "Novorossiysk"]
[Date "2021.07.11"]
[Round "7"]
[White "Chizhikov, Vladislav"]
[Black "Vastrukhin, Oleg"]
[Result "0-1"]
[WhiteElo "2279"]
[BlackElo "2401"]
[PlyCount "70"]
[EventDate "2021.07.10"]
[EventType "swiss (rapid)"]
[EventRounds "9"]
[EventCountry "RUS"]
[SourceTitle "CBM 203 Extra"]
[Source "ChessBase"]
[SourceDate "2021.09.30"]
[SourceVersion "1"]
[SourceVersionDate "2021.09.30"]
[SourceQuality "1"]

1. e4 e6 2. d4 d5 3. Nc3 Bb4 4. e5 c5 5. a3 Bxc3+ 6. bxc3 Nc6 7. Qg4 g6 8. Bd2 Bd7 9. Nf3 c4 10. h4 h6 11. h5 g5 12. Nh2 f5 13. exf6 Nxf6 14. Qe2 Qa5 15. g3 0-0-0 16. Bg2 Rde8 17. 0-0 e5 18. dxe5 Nxe5 19. Qd1 Ne4 20. Be1 Rhf8 21. Qd4 g4 22. f3 gxf3 23. Nxf3 Nc6 24. Qg7 Rg8 25. Qxh6 Nxg3 26. Rf2 Rh8 27. Qd6 Ne4 28. Qh2 Nxf2 29. Kxf2 Qb6+ 30. Kf1 Rhf8 31. Qg3 Qe3 32. Bf2 Qe2+ 33. Kg1 Rg8 34. Re1 Rxg3 35. Rxe2 Rxg2+ 0-1

[Event "Malaya Zemlya Rapid op"]
[Site "Novorossiysk"]
[Date "2021.07.10"]
[Round "4"]
[White "Chizhikov, Vladislav"]
[Black "Rozum, Ivan"]
[Result "0-1"]
[WhiteElo "2279"]
[BlackElo "2542"]
[PlyCount "50"]
[EventDate "2021.07.10"]
[EventType "swiss (rapid)"]
[EventRounds "9"]
[EventCountry "RUS"]
[SourceTitle "CBM 203 Extra"]
[Source "ChessBase"]
[SourceDate "2021.09.30"]
[SourceVersion "1"]
[SourceVersionDate "2021.09.30"]
[SourceQuality "1"]

1. e4 c6 2. d4 d5 3. Nc3 dxe4 4. Nxe4 Bf5 5. Ng3 Bg6 6. h4 h6 7. N1e2 Nf6 8. Nf4 Bh7 9. Bd3 Qxd4 10. Be3 Qd8 11. Qe2 Bxd3 12. Nxd3 e6 13. 0-0-0 Be7 14. Ne5 Qa5 15. Bd4 Qxa2 16. f4 0-0 17. f5 Rd8 18. fxe6 Qa1+ 19. Kd2 Rxd4+ 20. Ke3 Nd5+ 21. Kf2 Rf4+ 22. Ke1 Bb4+ 23. c3 Bxc3+ 24. bxc3 Qxc3+ 25. Rd2 Qxg3+ 0-1

[Event "Tuapse Blitz op"]
[Site "Tuapse"]
[Date "2021.07.08"]
[Round "10"]
[White "Vastrukhin, Oleg"]
[Black "Chizhikov, Vladislav"]
[Result "1-0"]
[WhiteElo "2401"]
[BlackElo "2279"]
[PlyCount "99"]
[EventDate "2021.07.08"]
[EventType "swiss (blitz)"]
[EventRounds "13"]
[EventCountry "RUS"]
[SourceTitle "CBM 203 Extra"]
[Source "ChessBase"]
[SourceDate "2021.09.30"]
[SourceVersion "1"]
[SourceVersionDate "2021.09.30"]
[SourceQuality "1"]

1. Nf3 c5 2. g3 Nc6 3. Bg2 g6 4. 0-0 Bg7 5. c4 d6 6. Nc3 Bd7 7. d3 Qc8 8. Bd2 Bh3 9. a3 h5 10. Bxh3 Qxh3 11. Ng5 Qf5 12. h4 Nh6 13. Rb1 0-0 14. b4 b6 15. Nd5 Qd7 16. Qa4 Rfe8 17. Ne4 Nf5 18. Bg5 Kf8 19. Rfd1 Nfd4 20. Rd2 Rac8 21. Be3 Nf5 22. Bf4 Nfd4 23. Kg2 Kg8 24. Bg5 Kf8 25. Rdb2 Qg4 26. f3 Qd7 27. Be3 Nf5 28. Bf2 Bh6 29. Rg1 Kg8 30. g4 hxg4 31. Nef6+ exf6 32. Nxf6+ Kg7 33. Nxd7 gxf3+ 34. exf3 Re7 35. bxc5 dxc5 36. Nxc5 bxc5 37. Bxc5 Rd7 38. Rd1 Nxh4+ 39. Kf2 Nf5 40. d4 Be3+ 41. Kg2 Bxd4 42. Bxd4+ Rxd4 43. Rxd4 Nfxd4 44. c5 Re8 45. Rd2 Re6 46. Rxd4 Ne7 47. Rd2 Nf5 48. c6 Ne7 49. c7 Re1 50. Rc2 1-0